Catalog

Record Details

Catalog Search



Entanglement, Information, and the Interpretation of Quantum Mechanics Cover Image E-book E-book

Entanglement, Information, and the Interpretation of Quantum Mechanics [electronic resource] / by Gregg Jaeger.

Jaeger, Gregg. (author.). SpringerLink (Online service) (Added Author).

Record details

  • ISBN: 9783540921288
  • Physical Description: XIV, 307 p. online resource.
  • Publisher: Berlin, Heidelberg : Springer Berlin Heidelberg, 2009.
Subject: Physics.
Science > Philosophy.
Quantum theory.
Quantum computing.
Physics.
Quantum Physics.
Quantum Computing, Information and Physics.
Philosophy of Science.

Electronic resources


LDR 01433nam a22003855i 4500
00137834
003CONS
00520131219205706.0
007cr nn 008mamaa
008100301s2009 gw | s |||| 0|eng d
020 . ‡a9783540921288 ‡9978-3-540-92128-8
0247 . ‡a10.1007/978-3-540-92128-8 ‡2doi
035 . ‡a(DE-He213)978-3-540-92128-8
1001 . ‡aJaeger, Gregg. ‡eauthor.
24510. ‡aEntanglement, Information, and the Interpretation of Quantum Mechanics ‡h[electronic resource] / ‡cby Gregg Jaeger.
264 1. ‡aBerlin, Heidelberg : ‡bSpringer Berlin Heidelberg, ‡c2009.
300 . ‡aXIV, 307 p. ‡bonline resource.
336 . ‡atext ‡btxt ‡2rdacontent
337 . ‡acomputer ‡bc ‡2rdamedia
338 . ‡aonline resource ‡bcr ‡2rdacarrier
347 . ‡atext file ‡bPDF ‡2rda
4901 . ‡aThe Frontiers Collection, ‡x1612-3018
650 0. ‡aPhysics.
650 0. ‡aScience ‡xPhilosophy.
650 0. ‡aQuantum theory.
650 0. ‡aQuantum computing.
65014. ‡aPhysics.
65024. ‡aQuantum Physics.
65024. ‡aQuantum Computing, Information and Physics.
65024. ‡aPhilosophy of Science.
7102 . ‡aSpringerLink (Online service)
7730 . ‡tSpringer eBooks
77608. ‡iPrinted edition: ‡z9783540921271
830 0. ‡aThe Frontiers Collection, ‡x1612-3018
85640. ‡uhttp://biblioteca.ipicyt.edu.mx:2048/login?url=http://dx.doi.org/10.1007/978-3-540-92128-8 ‡yTexto completo ‡9CONS
950 . ‡aPhysics and Astronomy (Springer-11651)
901 . ‡a37834 ‡b ‡c37834 ‡tbiblio ‡sSystem Local

Additional Resources